[Event "19. Wch 2009 Veteranos"]
[Site "Condino ITA"]
[Date "2009.11.02"]
[Round "6.52"]
[White "Filzmaier, Bruno"]
[Black "Wahlund, Bengt"]
[Result "1/2-1/2"]
[WhiteElo "1963"]
[BlackElo "2163"]
[PlyCount "43"]
[EventDate "2009.10.27"]
[EventType "swiss"]
[EventRounds "11"]
[EventCountry "ITA"]
[Source "lmi"]
[SourceDate "2009.10.27"]

1. a3 d5 2. e3 Nf6 3. d4 Bf5 4. Nf3 c6 5. c4 e6 6. b4 Bd6 7. Bb2 Nbd7 8. Nbd2
h6 9. Be2 O-O 10. h3 Qb8 11. O-O Ne4 12. cxd5 Nxd2 13. Nxd2 cxd5 14. Nb3 Nf6
15. Bd3 Bxd3 16. Qxd3 b6 17. b5 Qb7 18. a4 a5 19. Rfc1 Rac8 20. Rxc8 Rxc8 21.
Rc1 Rxc1+ 22. Nxc1 1/2-1/2

[Event "19. Wch 2009 Veteranos"]
[Site "Condino ITA"]
[Date "2009.11.02"]
[Round "6.54"]
[White "Karall, Lorenz"]
[Black "Preuss, Flemming"]
[Result "1-0"]
[WhiteElo "1965"]
[BlackElo "2066"]
[PlyCount "55"]
[EventDate "2009.10.27"]
[EventType "swiss"]
[EventRounds "11"]
[EventCountry "ITA"]
[Source "lmi"]
[SourceDate "2009.10.27"]

1. d4 f5 2. g3 Nf6 3. Bg2 g6 4. Nf3 Bg7 5. O-O O-O 6. c4 d6 7. Nc3 Nc6 8. d5
Ne5 9. Nxe5 dxe5 10. e4 f4 11. gxf4 exf4 12. e5 Ng4 13. e6 Ne5 14. Re1 Nxc4 15.
Re4 Nd6 16. Rxf4 b6 17. Be3 Rxf4 18. Bxf4 Qf8 19. Bg3 Bb7 20. Rc1 Rc8 21. Qa4
Qe8 22. Qb3 c6 23. Bxd6 exd6 24. dxc6 Bxc6 25. e7+ Kh8 26. Nd5 Be5 27. Bh3 Bxd5
28. Rxc8 1-0

[Event "19. Wch 2009 Veteranos"]
[Site "Condino ITA"]
[Date "2009.11.02"]
[Round "6.55"]
[White "Fritsch, Juergen Dr"]
[Black "Davydov, Mihail"]
[Result "1/2-1/2"]
[WhiteElo "1957"]
[BlackElo "2061"]
[PlyCount "73"]
[EventDate "2009.10.27"]
[EventType "swiss"]
[EventRounds "11"]
[EventCountry "ITA"]
[Source "lmi"]
[SourceDate "2009.10.27"]

1. d4 d5 2. Nf3 Nf6 3. Bf4 e6 4. e3 c6 5. c3 Bd6 6. Nbd2 O-O 7. Bd3 Re8 8. O-O
b6 9. Ne5 Qc7 10. Qf3 Ba6 11. c4 c5 12. b3 Nbd7 13. Nxd7 Qxd7 14. Be5 Qe7 15.
Qh3 g6 16. Nf3 Kg7 17. Rac1 Rad8 18. Qh4 h6 19. Bxd6 Qxd6 20. Ne5 Re7 21. f4
cxd4 22. c5 bxc5 23. Bxa6 dxe3 24. Be2 Rc7 25. Ng4 Nxg4 26. Qxg4 d4 27. Bd3 f5
28. Qg3 Re8 29. Rc4 a5 30. Rfc1 Kf7 31. Kf1 e5 32. fxe5 Rxe5 33. Ke2 Kf6 34.
Ra4 Ra7 35. Qh4+ Kg7 36. Qg3 Kf6 37. Qh4+ 1/2-1/2

[Event "19. Wch 2009 Veteranos"]
[Site "Condino ITA"]
[Date "2009.11.02"]
[Round "6.57"]
[White "Beltrami, Nerio"]
[Black "Weller, Friedhelm"]
[Result "1-0"]
[WhiteElo "2032"]
[BlackElo "1947"]
[PlyCount "93"]
[EventDate "2009.10.27"]
[EventType "swiss"]
[EventRounds "11"]
[EventCountry "ITA"]
[Source "lmi"]
[SourceDate "2009.10.27"]

1. e4 e5 2. Nf3 Nc6 3. Bb5 d6 4. O-O Bd7 5. c3 Nf6 6. d3 Be7 7. Nbd2 O-O 8. Re1
Bg4 9. Nf1 d5 10. h3 Bh5 11. Ng3 dxe4 12. Bxc6 bxc6 13. Nxh5 Nxh5 14. Nxe5 Nf6
15. Nxc6 Qd7 16. Nxe7+ Qxe7 17. Bg5 Rfd8 18. d4 Rab8 19. Qc2 Re8 20. f3 Qd6 21.
Bxf6 gxf6 22. Rxe4 Rxe4 23. fxe4 Kh8 24. Rf1 Rg8 25. Qf2 Rg6 26. Qf4 Qb6 27.
Rf2 a5 28. e5 fxe5 29. Qxe5+ f6 30. Qe8+ Kg7 31. Qe7+ Kh6 32. Rf4 Qd6 33. Rh4+
Kg5 34. Qxd6 cxd6 35. Rxh7 Kf4 36. Rd7 f5 37. Kf2 Ke4 38. Ra7 Kd3 39. Rxa5 Re6
40. Rb5 Re2+ 41. Kf3 Re3+ 42. Kf4 Re2 43. g3 Rf2+ 44. Kg5 Rf3 45. h4 Ke4 46. g4
Rg3 47. Rxf5 1-0

[Event "19. Wch 2009 Veteranos"]
[Site "Condino ITA"]
[Date "2009.11.02"]
[Round "6.59"]
[White "Birkestrand, Odd"]
[Black "Gardi, Giuseppe"]
[Result "1/2-1/2"]
[WhiteElo "1904"]
[BlackElo "2022"]
[PlyCount "53"]
[EventDate "2009.10.27"]
[EventType "swiss"]
[EventRounds "11"]
[EventCountry "ITA"]
[Source "lmi"]
[SourceDate "2009.10.27"]

1. e4 g6 2. d4 d6 3. Nc3 c6 4. Bf4 d5 5. e5 h5 6. Bd3 Nh6 7. Nf3 Bf5 8. O-O e6
9. a3 Nd7 10. Ne2 h4 11. h3 Be7 12. c4 Bxd3 13. Qxd3 Nf5 14. c5 b6 15. b4 a5
16. Bd2 Kf8 17. Rfc1 axb4 18. axb4 Kg7 19. Qc3 Qc7 20. Kf1 b5 21. Rc2 Qb7 22.
Rca2 Rxa2 23. Rxa2 Ra8 24. Qa1 Rxa2 25. Qxa2 Nb8 26. Qa1 Qa6 27. Qxa6 1/2-1/2

[Event "19. Wch 2009 Veteranos"]
[Site "Condino ITA"]
[Date "2009.11.02"]
[Round "6.60"]
[White "Elfert, Aleksandr V"]
[Black "Weinberg, Emanuele"]
[Result "1-0"]
[WhiteElo "2021"]
[BlackElo "1874"]
[PlyCount "41"]
[EventDate "2009.10.27"]
[EventType "swiss"]
[EventRounds "11"]
[EventCountry "ITA"]
[Source "lmi"]
[SourceDate "2009.10.27"]

1. g4 d5 2. Bg2 c6 3. h3 e5 4. d3 Bb4+ 5. c3 Bd6 6. e4 Ne7 7. Bg5 f6 8. Be3 Na6
9. Nd2 Be6 10. Nf1 dxe4 11. dxe4 Bc5 12. Qd2 Ng6 13. h4 Bxe3 14. fxe3 Qb6 15.
h5 Ne7 16. b4 Qb5 17. Bf3 Qc4 18. Qb2 O-O-O 19. Rh2 Qb5 20. Be2 Bc4 21. a4 1-0

[Event "19. Wch 2009 Veteranos"]
[Site "Condino ITA"]
[Date "2009.11.02"]
[Round "6.61"]
[White "Papa, Angelo"]
[Black "Giani, Franco"]
[Result "0-1"]
[WhiteElo "1890"]
[BlackElo "2003"]
[PlyCount "114"]
[EventDate "2009.10.27"]
[EventType "swiss"]
[EventRounds "11"]
[EventCountry "ITA"]
[Source "lmi"]
[SourceDate "2009.10.27"]

1. d4 c5 2. d5 d6 3. Nc3 g6 4. e4 Bg7 5. Bb5+ Nd7 6. Nge2 a6 7. Bxd7+ Bxd7 8.
a4 Nf6 9. O-O b5 10. axb5 axb5 11. Rxa8 Qxa8 12. Ng3 O-O 13. h3 b4 14. Nce2 Bb5
15. Re1 Nd7 16. c3 Ne5 17. cxb4 Nd3 18. Nc3 Bxc3 19. bxc3 Nxe1 20. Qxe1 cxb4
21. cxb4 Qa1 22. Kh2 Rc8 23. Bd2 Qxe1 24. Bxe1 Rc1 25. Bd2 Rc2 26. Be3 Rb2 27.
Bb6 Rxb4 28. Bd8 Kf8 29. f4 Bd3 30. e5 Ke8 31. Ba5 Rb5 32. Bc3 Rxd5 33. Nh1
dxe5 34. fxe5 Rc5 35. Bd4 Rc4 36. Bb6 Be4 37. Nf2 Bb7 38. g4 Kd7 39. Nd3 Kc6
40. Ba7 Kb5 41. Kg1 Rc3 42. Nf4 Rf3 43. Ne2 Rxh3 44. e6 fxe6 45. Nd4+ Ka6 46.
Bc5 e5 47. Ne6 Rg3+ 48. Kf2 Rxg4 49. Bxe7 Bc8 50. Nc7+ Kb7 51. Nb5 Be6 52. Kf3
e4+ 53. Ke3 Bf5 54. Nd6+ Kc6 55. Nf7 Rg3+ 56. Kf4 Rh3 57. Ng5 Rh1 0-1

[Event "19. Wch 2009 Veteranos"]
[Site "Condino ITA"]
[Date "2009.11.02"]
[Round "6.66"]
[White "Kayaman, Metin"]
[Black "Aasum, Anker"]
[Result "1-0"]
[WhiteElo "1984"]
[BlackElo "1828"]
[PlyCount "61"]
[EventDate "2009.10.27"]
[EventType "swiss"]
[EventRounds "11"]
[EventCountry "ITA"]
[Source "lmi"]
[SourceDate "2009.10.27"]

1. d4 Nf6 2. Nf3 e6 3. Nbd2 d5 4. e3 b6 5. Bd3 Ba6 6. c4 Bb4 7. Qa4+ Qd7 8.
Qxb4 dxc4 9. Nxc4 Nd5 10. Qa3 f6 11. O-O Bb7 12. e4 Ne7 13. Re1 O-O 14. Be3 a5
15. Rad1 Na6 16. Bb1 Ng6 17. Qb3 a4 18. Qc3 b5 19. Na5 b4 20. Qc4 Bc8 21. Qc6
Qxc6 22. Nxc6 Bd7 23. Rc1 f5 24. Nfe5 Nxe5 25. Nxe5 Bb5 26. exf5 exf5 27. Bf4
Rf6 28. Bd3 Bxd3 29. Nxd3 Rf7 30. Rc4 Rb8 31. Re6 1-0

[Event "19. Wch 2009 Veteranos"]
[Site "Condino ITA"]
[Date "2009.11.02"]
[Round "6.67"]
[White "Gonzalo Gonzalez, Francisco"]
[Black "Rotelli, Pietro"]
[Result "0-1"]
[WhiteElo "1813"]
[BlackElo "1979"]
[PlyCount "78"]
[EventDate "2009.10.27"]
[EventType "swiss"]
[EventRounds "11"]
[EventCountry "ITA"]
[Source "lmi"]
[SourceDate "2009.10.27"]

1. e4 c6 2. Bc4 d5 3. exd5 cxd5 4. Bb5+ Nc6 5. Qf3 Nf6 6. d3 Bg4 7. Qf4 e6 8.
h3 Bh5 9. Qa4 Qc7 10. Be3 Bd6 11. Nd2 O-O 12. g4 Bg6 13. Bxc6 bxc6 14. g5 Nh5
15. b3 c5 16. Ndf3 d4 17. Bd2 e5 18. O-O-O e4 19. Nh4 exd3 20. Nxg6 dxc2 21.
Kxc2 hxg6 22. h4 Nf4 23. Nh3 Nd5 24. Ba5 Nb6 25. Qc4 Qc6 26. Bxb6 axb6 27. a4
Qe4+ 28. Kb2 Ra5 29. f4 Qa8 30. Ra1 b5 31. axb5 Rxa1 32. Rxa1 Qg2+ 33. Kb1 Qxh3
34. Ra6 Qh1+ 35. Kb2 Qh2+ 36. Ka3 Qxf4 37. Ka4 d3 38. Qxf4 Bxf4 39. Ra7 Rd8 0-1

[Event "19. Wch 2009 Veteranos"]
[Site "Condino ITA"]
[Date "2009.11.02"]
[Round "6.68"]
[White "Fragni, Enrico"]
[Black "Ilic, Ilija"]
[Result "0-1"]
[WhiteElo "1767"]
[BlackElo "2038"]
[PlyCount "62"]
[EventDate "2009.10.27"]
[EventType "swiss"]
[EventRounds "11"]
[EventCountry "ITA"]
[Source "lmi"]
[SourceDate "2009.10.27"]

1. c3 Nf6 2. d3 g6 3. Bg5 Bg7 4. e4 d6 5. Be2 c6 6. Nd2 Nbd7 7. Ngf3 h6 8. Bh4
g5 9. Bg3 Nh5 10. Nd4 Nxg3 11. hxg3 Bxd4 12. cxd4 Qb6 13. Nb3 a5 14. O-O a4 15.
Nd2 Qxd4 16. Nc4 Ne5 17. Qc2 Nxc4 18. dxc4 Be6 19. Rad1 Qc5 20. Qc3 O-O 21. g4
b5 22. Rc1 bxc4 23. Qh3 Kg7 24. Rc2 Qe5 25. g3 Qxe4 26. Rfc1 d5 27. f3 Qd4+ 28.
Kg2 Rab8 29. Rd1 Qe3 30. Rh1 Rh8 31. Qh2 d4 0-1

[Event "19. Wch 2009 Veteranos"]
[Site "Condino ITA"]
[Date "2009.11.02"]
[Round "6.69"]
[White "Profaizer, Gino"]
[Black "Zelkind, Natalya"]
[Result "1-0"]
[WhiteElo "2068"]
[BlackElo "1851"]
[PlyCount "51"]
[EventDate "2009.10.27"]
[EventType "swiss"]
[EventRounds "11"]
[EventCountry "ITA"]
[Source "lmi"]
[SourceDate "2009.10.27"]

1. d4 d5 2. c4 e6 3. cxd5 exd5 4. Nc3 Nf6 5. Nf3 Bf5 6. Qb3 Bc8 7. Bf4 c6 8. e3
Nbd7 9. Bd3 Be7 10. h3 O-O 11. g4 c5 12. Nxd5 Nxd5 13. Qxd5 Qa5+ 14. Kf1 Nf6
15. Qb3 Rd8 16. Bc4 cxd4 17. Bxf7+ Kf8 18. exd4 Nd5 19. Bxd5 Rxd5 20. Kg2 g5
21. Be5 b6 22. Rhc1 Be6 23. Qe3 h6 24. Bg7+ Kxg7 25. Qxe6 Bf6 26. Rc7+ 1-0

[Event "19. Wch 2009 Veteranos"]
[Site "Condino ITA"]
[Date "2009.11.02"]
[Round "6.71"]
[White "Salvo, Guglielmo"]
[Black "Flotten, Erling"]
[Result "1-0"]
[WhiteElo "1976"]
[BlackElo "1840"]
[PlyCount "79"]
[EventDate "2009.10.27"]
[EventType "swiss"]
[EventRounds "11"]
[EventCountry "ITA"]
[Source "lmi"]
[SourceDate "2009.10.27"]

1. e4 c6 2. Nc3 e6 3. d4 d5 4. e5 c5 5. Bb5+ Nc6 6. Nf3 Bd7 7. Bxc6 Bxc6 8. O-O
Qb6 9. Rb1 Ne7 10. dxc5 Qxc5 11. Be3 Qa5 12. b4 Qc7 13. Bc5 Ng6 14. Bxf8 Nxf8
15. Qd4 b6 16. a4 Ng6 17. Rfe1 O-O 18. h4 h5 19. g4 hxg4 20. Qxg4 Bd7 21. Rb3
Qc4 22. Nd4 Ne7 23. f3 Nf5 24. Nxf5 Qxg4+ 25. fxg4 exf5 26. gxf5 Bxf5 27. Nxd5
Bxc2 28. Ra3 Rad8 29. Ne7+ Kh7 30. a5 b5 31. Rc3 Ba4 32. Rc7 Rd4 33. Nf5 Rxb4
34. Rxa7 g6 35. Nd6 Rxh4 36. e6 b4 37. Nxf7 Rg4+ 38. Kh2 Rxf7 39. Rxf7+ Kg8 40.
Rc1 1-0

[Event "19. Wch 2009 Veteranos"]
[Site "Condino ITA"]
[Date "2009.11.02"]
[Round "6.77"]
[White "Zanin, Umberto"]
[Black "Vladov, Mark"]
[Result "0-1"]
[WhiteElo "1700"]
[BlackElo "1917"]
[PlyCount "68"]
[EventDate "2009.10.27"]
[EventType "swiss"]
[EventRounds "11"]
[EventCountry "ITA"]
[Source "lmi"]
[SourceDate "2009.10.27"]

1. c4 Nf6 2. Nc3 g6 3. g3 Bg7 4. Bg2 c6 5. Nf3 O-O 6. O-O d6 7. d4 Nbd7 8. Qc2
Qc7 9. Rb1 e5 10. dxe5 Nxe5 11. Nxe5 dxe5 12. e4 Be6 13. b3 Rad8 14. f4 exf4
15. Bxf4 Qe7 16. Rbd1 Nh5 17. Ne2 Nxf4 18. Nxf4 Bg4 19. Ne2 Qc5+ 20. Kh1 Qe3
21. Nf4 Rxd1 22. Rxd1 Bxd1 23. Qxd1 Bd4 24. Qf1 Rd8 25. Bf3 Bc5 26. e5 Rd2 27.
e6 fxe6 28. Bg4 Qe4+ 29. Bf3 Qc2 30. Be2 e5 31. Qh3 Qe4+ 32. Qg2 Qb1+ 33. Qf1
Qxf1+ 34. Bxf1 exf4 0-1

[Event "19. Wch 2009 Veteranos"]
[Site "Condino ITA"]
[Date "2009.11.02"]
[Round "6.78"]
[White "Soluri, Francesco"]
[Black "Haupt, Joachim"]
[Result "0-1"]
[WhiteElo "1542"]
[BlackElo "1870"]
[PlyCount "66"]
[EventDate "2009.10.27"]
[EventType "swiss"]
[EventRounds "11"]
[EventCountry "ITA"]
[Source "lmi"]
[SourceDate "2009.10.27"]

1. d4 Nf6 2. Bf4 e6 3. Nf3 c5 4. e3 Nc6 5. c3 d5 6. h3 Bd7 7. Nbd2 c4 8. Be2 b5
9. a3 a5 10. O-O Be7 11. Qc2 b4 12. e4 b3 13. Qb1 h6 14. e5 Nh7 15. Qd1 Ng5 16.
Bh2 O-O 17. Nxg5 Bxg5 18. f4 Be7 19. Bg4 f5 20. Bh5 Be8 21. Bg3 Kh7 22. Kh1 Rg8
23. Bxe8 Qxe8 24. Rf3 Qh5 25. Qe1 Nd8 26. Nf1 Nf7 27. Bf2 g5 28. g4 fxg4 29.
Rg3 gxf4 30. Rg2 gxh3 31. Rxg8 Qf3+ 32. Kh2 Rxg8 33. Ng3 Qg2# 0-1

[Event "19. Wch 2009 Veteranos"]
[Site "Condino ITA"]
[Date "2009.11.02"]
[Round "6.79"]
[White "De Nisi, Giuseppe"]
[Black "Trifoni, Giorgio"]
[Result "1-0"]
[WhiteElo "1840"]
[BlackElo "1639"]
[PlyCount "101"]
[EventDate "2009.10.27"]
[EventType "swiss"]
[EventRounds "11"]
[EventCountry "ITA"]
[Source "lmi"]
[SourceDate "2009.10.27"]

1. d4 b6 2. c4 Bb7 3. Nc3 e6 4. e4 Ne7 5. Bf4 d6 6. Nf3 Nd7 7. Qa4 g6 8. c5
bxc5 9. dxc5 Bc6 10. Bb5 Bxb5 11. Qxb5 c6 12. Qc4 dxc5 13. Rd1 Qc8 14. Ne5 Nb6
15. Qxc5 Ned5 16. Qd4 c5 17. Qd2 Nxc3 18. Qxc3 Bg7 19. Qc2 O-O 20. O-O Qa6 21.
b3 Rac8 22. Nd7 Nxd7 23. Rxd7 c4 24. b4 Qa3 25. Rfd1 Qxb4 26. Bd6 Qb2 27. Qxb2
Bxb2 28. Bxf8 Kxf8 29. Rd8+ Rxd8 30. Rxd8+ Ke7 31. Rc8 c3 32. Kf1 Kd7 33. Rc4
a5 34. a4 Kd6 35. Ke2 f5 36. f3 fxe4 37. fxe4 Ke5 38. Kd3 Kd6 39. Kc2 Ke5 40.
Rc5+ Kxe4 41. Rxa5 e5 42. Rb5 Kd4 43. a5 e4 44. a6 e3 45. a7 e2 46. a8=Q e1=Q
47. Qd5+ Ke3 48. Qf3+ Kd4 49. Rd5+ Kc4 50. Qd3+ Kb4 51. Qb5+ 1-0

[Event "19. Wch 2009 Veteranos"]
[Site "Condino ITA"]
[Date "2009.11.02"]
[Round "6.81"]
[White "Pedrotti, Luciano"]
[Black "Lisandri, Luigi"]
[Result "1-0"]
[WhiteElo "1829"]
[BlackElo "1480"]
[PlyCount "49"]
[EventDate "2009.10.27"]
[EventType "swiss"]
[EventRounds "11"]
[EventCountry "ITA"]
[Source "lmi"]
[SourceDate "2009.10.27"]

1. e4 e6 2. Nf3 Nc6 3. d4 d5 4. exd5 exd5 5. Bb5 Bd7 6. O-O Nce7 7. Bxd7+ Qxd7
8. Ne5 Qf5 9. Re1 O-O-O 10. Re3 f6 11. Nf7 Re8 12. c3 Qd7 13. Nd2 Nh6 14. Nxh8
Kb8 15. Nb3 b6 16. Bd2 g6 17. Qe2 Bg7 18. Nxg6 hxg6 19. Re1 Nhf5 20. Re6 Rh8
21. Bf4 g5 22. Bg3 Qa4 23. Nc1 Kb7 24. Rxe7 Nxe7 25. Qxe7 1-0

[Event "19. Wch 2009 Veteranos"]
[Site "Condino ITA"]
[Date "2009.11.02"]
[Round "6.82"]
[White "Sotter-Klundt, Gerlinde"]
[Black "Battaglia, Emanuele"]
[Result "1-0"]
[WhiteElo "1828"]
[BlackElo "1580"]
[PlyCount "105"]
[EventDate "2009.10.27"]
[EventType "swiss"]
[EventRounds "11"]
[EventCountry "ITA"]
[Source "lmi"]
[SourceDate "2009.10.27"]

1. d4 d5 2. Nf3 e6 3. c4 Nf6 4. e3 Be7 5. Nc3 Nbd7 6. Bd3 c6 7. O-O O-O 8. Qc2
h6 9. b3 dxc4 10. bxc4 Qc7 11. e4 e5 12. d5 cxd5 13. cxd5 Bd6 14. Nb5 Qxc2 15.
Bxc2 Bb8 16. Ba3 Re8 17. Bd3 a6 18. Nd6 Bxd6 19. Bxd6 b5 20. Rfc1 a5 21. Ba3 b4
22. Bb2 Ba6 23. Bxa6 Rxa6 24. Nd2 Raa8 25. Rc7 Rec8 26. Rac1 Rxc7 27. Rxc7 Kf8
28. f3 Ke8 29. Nc4 a4 30. Rb7 Rb8 31. Rxb8+ Nxb8 32. Bxe5 Nbd7 33. Bd6 b3 34.
axb3 axb3 35. Ba3 Nb8 36. Kf2 Kd7 37. Ke2 Ne8 38. Kd3 Nc7 39. Bb2 g6 40. Na5
Nb5 41. Nxb3 Nd6 42. Nc5+ Kc7 43. Bg7 h5 44. Be5 g5 45. Kd4 g4 46. Bxd6+ Kxd6
47. e5+ Ke7 48. Ke4 Nd7 49. d6+ Ke8 50. Nxd7 Kxd7 51. Kf5 gxf3 52. gxf3 Ke8 53.
Kf6 1-0

[Event "19. Wch 2009 Veteranos"]
[Site "Condino ITA"]
[Date "2009.11.02"]
[Round "6.84"]
[White "Recubini, Dante"]
[Black "Kuhnert, Werner"]
[Result "1/2-1/2"]
[WhiteElo "1463"]
[BlackElo "1541"]
[PlyCount "24"]
[EventDate "2009.10.27"]
[EventType "swiss"]
[EventRounds "11"]
[EventCountry "ITA"]
[Source "lmi"]
[SourceDate "2009.10.27"]

1. e4 c5 2. Nf3 e6 3. d4 Nf6 4. Bg5 Be7 5. dxc5 Bxc5 6. Bd3 Be7 7. O-O d5 8.
exd5 Nxd5 9. Bxe7 Qxe7 10. Re1 Nc6 11. a3 O-O 12. Nbd2 Nf6 1/2-1/2

[Event "19. Wch 2009 Veteranos"]
[Site "Condino ITA"]
[Date "2009.11.03"]
[Round "7.2"]
[White "Tseitlin, Mark D"]
[Black "Vasiukov, Evgeni"]
[Result "1-0"]
[WhiteElo "2394"]
[BlackElo "2485"]
[PlyCount "83"]
[EventDate "2009.10.27"]
[EventType "swiss"]
[EventRounds "11"]
[EventCountry "ITA"]
[Source "lmi"]
[SourceDate "2009.10.27"]

1. e4 e5 2. Nf3 Nc6 3. Bb5 Nf6 4. O-O Bc5 5. d3 d6 6. c3 O-O 7. Nbd2 Bd7 8. a4
a6 9. Bc4 Ba7 10. b4 b5 11. Bb3 Kh8 12. Bb2 Bb6 13. axb5 axb5 14. Rxa8 Qxa8 15.
d4 Bg4 16. h3 Bh5 17. g4 Bg6 18. d5 Ne7 19. Qe2 c6 20. c4 cxd5 21. cxd5 Rb8 22.
Nh4 Qa7 23. Ra1 Qd7 24. Kh2 h6 25. Ng2 Bh7 26. f3 g5 27. Nf1 Ng6 28. Nfe3 Ne7
29. Bc2 Ne8 30. Bd3 Nc7 31. f4 f6 32. fxe5 dxe5 33. Rf1 Qd6 34. Kh1 Kg7 35. Qd2
Na6 36. Bc3 Bd4 37. Bxd4 exd4 38. Nc2 Qg3 39. Nxd4 Qxh3+ 40. Kg1 Qxg4 41. Ne6+
Kg8 42. Qc3 1-0

[Event "19. Wch 2009 Veteranos"]
[Site "Condino ITA"]
[Date "2009.11.03"]
[Round "7.3"]
[White "Klovans, Janis"]
[Black "Jacobsen, Bo"]
[Result "1/2-1/2"]
[WhiteElo "2408"]
[BlackElo "2321"]
[PlyCount "118"]
[EventDate "2009.10.27"]
[EventType "swiss"]
[EventRounds "11"]
[EventCountry "ITA"]
[Source "lmi"]
[SourceDate "2009.10.27"]

1. e4 e5 2. Nf3 Nc6 3. d4 exd4 4. Nxd4 d6 5. Bb5 Bd7 6. O-O Nf6 7. Bxc6 bxc6 8.
Qf3 Rb8 9. Nc3 Be7 10. e5 dxe5 11. Nxc6 Bxc6 12. Qxc6+ Qd7 13. Qa6 c6 14. Rd1
Nd5 15. b3 O-O 16. Be3 Rfd8 17. Na4 Qb7 18. Qxa7 Qb4 19. Bc5 Qg4 20. h3 Bxc5
21. Qxc5 Qg6 22. g3 Re8 23. c4 Nb4 24. Rd6 Qc2 25. Qe3 h5 26. Nc5 Qf5 27. Qe4
Qxh3 28. a3 f5 29. Qg2 Qxg2+ 30. Kxg2 Nc2 31. Rad1 e4 32. Rc1 e3 33. Rxc2 e2
34. Nd3 Rxb3 35. Rxe2 Rxe2 36. Nc1 Reb2 37. Nxb3 Rxb3 38. Rxc6 Rxa3 39. Rc5 f4
40. Rxh5 f3+ 41. Kh3 Ra2 42. Kg4 Rxf2 43. Rc5 Rf1 44. Rc7 Kh7 45. c5 Kg6 46. c6
f2 47. Kf3 Rc1 48. Kxf2 Rc3 49. g4 Kf6 50. Ke2 g6 51. Kd2 Rc5 52. Kd3 Kg5 53.
Kd4 Rc1 54. Kd5 Rd1+ 55. Ke6 Kxg4 56. Rd7 Re1+ 57. Kf6 Rc1 58. Rd4+ Kh5 59. Rd6
g5 1/2-1/2

[Event "19. Wch 2009 Veteranos"]
[Site "Condino ITA"]
[Date "2009.11.03"]
[Round "7.4"]
[White "Jorgensen, Jorgen"]
[Black "Danner, Georg"]
[Result "1/2-1/2"]
[WhiteElo "2315"]
[BlackElo "2440"]
[PlyCount "89"]
[EventDate "2009.10.27"]
[EventType "swiss"]
[EventRounds "11"]
[EventCountry "ITA"]
[Source "lmi"]
[SourceDate "2009.10.27"]

1. Nf3 Nf6 2. g3 e6 3. Bg2 c5 4. c4 Nc6 5. O-O Qb6 6. b3 d5 7. e3 Be7 8. cxd5
exd5 9. d4 cxd4 10. Nxd4 Bg4 11. f3 Nxd4 12. exd4 Be6 13. Nc3 O-O 14. Na4 Qb5
15. Bb2 b6 16. Rf2 Rac8 17. Bf1 Qd7 18. Ba6 Rc7 19. Nc3 Ne8 20. Nb5 Rc6 21. Rc1
Rxc1 22. Qxc1 Bf5 23. Qd1 Nd6 24. Nc3 Qc6 25. a4 Bg5 26. Re2 Re8 27. Rxe8+ Nxe8
28. Qe2 Qe6 29. f4 Bd8 30. Nxd5 Qxe2 31. Bxe2 Bc2 32. Nb4 Bxb3 33. Bb5 Nd6 34.
Nc6 Bf6 35. Nxa7 Nxb5 36. axb5 Bc4 37. Kf2 Kf8 38. Nc8 Bxb5 39. Nxb6 Ke8 40.
Nd5 Bd8 41. Ne3 Kd7 42. Ng4 Bb6 43. Ke3 Ke6 44. Nf2 f6 45. Ne4 1/2-1/2

[Event "19. Wch 2009 Veteranos"]
[Site "Condino ITA"]
[Date "2009.11.03"]
[Round "7.5"]
[White "Grinberg, Iosif P"]
[Black "Butnorius, Algimantas"]
[Result "0-1"]
[WhiteElo "2282"]
[BlackElo "2433"]
[PlyCount "98"]
[EventDate "2009.10.27"]
[EventType "swiss"]
[EventRounds "11"]
[EventCountry "ITA"]
[Source "lmi"]
[SourceDate "2009.10.27"]

1. e4 c5 2. c3 d5 3. exd5 Qxd5 4. d4 Nf6 5. Nf3 Bg4 6. Be2 e6 7. Be3 cxd4 8.
Bxd4 Nc6 9. Qa4 e5 10. Be3 Be7 11. O-O O-O 12. h3 Bxf3 13. Bxf3 e4 14. Be2 Bc5
15. Rd1 Qe5 16. Bxc5 Qxc5 17. Qb5 Qe7 18. Qg5 h6 19. Qg3 Rad8 20. Na3 Nd5 21.
Nc2 Qf6 22. Ne3 Nf4 23. Bf1 Ne5 24. Ng4 Nxg4 25. Qxg4 Qe5 26. Qg3 f5 27. Qe3 b6
28. g3 Ng6 29. Bg2 Kh7 30. Qe2 Qc5 31. Rxd8 Rxd8 32. Rd1 Rxd1+ 33. Qxd1 Ne5 34.
Qe2 a5 35. Bf1 Qd5 36. Qb5 Qd6 37. Kg2 g6 38. Qe8 h5 39. Bc4 Qf6 40. Qg8+ Kh6
41. Qd5 h4 42. gxh4 Nf3 43. Qg8 Nxh4+ 44. Kf1 Qd6 45. Be2 Kg5 46. Qh7 f4 47.
Bg4 f3 48. Kg1 e3 49. Bxf3 Nxf3+ 0-1

[Event "19. Wch 2009 Veteranos"]
[Site "Condino ITA"]
[Date "2009.11.03"]
[Round "7.6"]
[White "Chernikov, Oleg"]
[Black "Wahlbom, Magnus"]
[Result "1-0"]
[WhiteElo "2405"]
[BlackElo "2318"]
[PlyCount "51"]
[EventDate "2009.10.27"]
[EventType "swiss"]
[EventRounds "11"]
[EventCountry "ITA"]
[Source "lmi"]
[SourceDate "2009.10.27"]

1. d4 e6 2. Nf3 Nf6 3. Bg5 d5 4. e3 Nbd7 5. c4 Be7 6. cxd5 exd5 7. Nc3 c6 8.
Bd3 h6 9. Bf4 Nh5 10. Be5 Nxe5 11. dxe5 g6 12. Nd4 Ng7 13. O-O Ne6 14. Qc2 Nxd4
15. exd4 Be6 16. f4 Qb6 17. Qf2 O-O-O 18. a3 Kb8 19. b4 Bf5 20. Bxf5 gxf5 21.
Na4 Qa6 22. Nc5 Bxc5 23. bxc5 Qa4 24. Rfb1 Rhg8 25. Rb4 Qa6 26. Qc2 1-0

[Event "19. Wch 2009 Veteranos"]
[Site "Condino ITA"]
[Date "2009.11.03"]
[Round "7.7"]
[White "Klundt, Klaus"]
[Black "Malisov, Boris"]
[Result "1/2-1/2"]
[WhiteElo "2337"]
[BlackElo "2377"]
[PlyCount "62"]
[EventDate "2009.10.27"]
[EventType "swiss"]
[EventRounds "11"]
[EventCountry "ITA"]
[Source "lmi"]
[SourceDate "2009.10.27"]

1. e4 c6 2. d4 d5 3. exd5 cxd5 4. c4 Nf6 5. Nc3 g6 6. Qb3 Bg7 7. cxd5 O-O 8.
Be2 Na6 9. Bf4 Qa5 10. Nf3 Nb4 11. O-O Nbxd5 12. Nxd5 Nxd5 13. Bd2 Qd8 14. Rfe1
b6 15. Ne5 Bb7 16. Bf3 e6 17. Rac1 Rc8 18. Rxc8 Qxc8 19. Qa4 Qc7 20. Rc1 Qe7
21. h3 Rd8 22. Rc2 f6 23. Nd3 Qd7 24. Qb3 Bc6 25. Rc1 Ba4 26. Qc4 Bf8 27. Nf4
Bb5 28. Nxd5 exd5 29. Qc7 Bc4 30. Qxd7 Rxd7 31. b3 Ba6 1/2-1/2

[Event "19. Wch 2009 Veteranos"]
[Site "Condino ITA"]
[Date "2009.11.03"]
[Round "7.8"]
[White "Werner, Clemens"]
[Black "Malmdin, Nils-Ake"]
[Result "1/2-1/2"]
[WhiteElo "2339"]
[BlackElo "2282"]
[PlyCount "129"]
[EventDate "2009.10.27"]
[EventType "swiss"]
[EventRounds "11"]
[EventCountry "ITA"]
[Source "lmi"]
[SourceDate "2009.10.27"]

1. e4 g6 2. d4 Bg7 3. Nc3 d6 4. Be3 a6 5. a4 b6 6. Nf3 Bb7 7. Bc4 e6 8. O-O Nf6
9. e5 dxe5 10. Nxe5 O-O 11. Qe2 Qd6 12. Rad1 Nc6 13. f4 Nb4 14. Bf2 Nh5 15. Bh4
f6 16. Ne4 Bxe4 17. Qxe4 fxe5 18. fxe5 Qd7 19. g4 Nf4 20. Rxf4 Rxf4 21. Qxf4
Nd5 22. Qe4 b5 23. axb5 axb5 24. Bb3 c6 25. Bg5 Rf8 26. c3 Qf7 27. Qe2 h6 28.
Bd2 g5 29. Rf1 Qxf1+ 30. Qxf1 Rxf1+ 31. Kxf1 Kf7 32. Ke2 Bf8 33. Kd3 Ke7 34.
Bd1 Kd7 35. Bf3 Nb6 36. b3 Be7 37. Bd1 Nd5 38. c4 Nb4+ 39. Ke4 Bf8 40. Be1 Be7
41. Be2 bxc4 42. bxc4 Nc2 43. Bg3 Nb4 44. Bd1 Bf8 45. Ba4 Kc7 46. Bf2 Be7 47.
Bb3 Kd7 48. Be1 Bf8 49. Ba4 Kc7 50. Bb3 Kd7 51. Bf2 Bg7 52. d5 cxd5+ 53. cxd5
exd5+ 54. Bxd5 Bxe5 55. h3 Nxd5 56. Kxd5 Bg7 57. Bc5 Ke8 58. Ke6 Bb2 59. Be7
Bg7 60. Bf6 Kf8 61. Kf5 Kf7 62. Bxg7 Kxg7 63. Ke5 Kf7 64. Kd5 Ke7 65. Kd4
1/2-1/2